00422 a2200157 4500001000700000003000400007005001700011008004100028082001700069100002400086245008100110250001200191260002900203300001000232700002200242001079OSt20211007153500.0  a004.21bP27C1 aPatterson, David A.1 aComputer organisation and designcby David A. Patterson and John L. Hennessy a4th ed. aNew DelhibElseverc2009 a689p. aHennessy, John L.